Developing an information literacy programme for lifelong learning : (Record no. 9689)

MARC details
000 -LEADER
fixed length control field 00669nam a22001932 4500
001 - CONTROL NUMBER
control field 0000021477
005 - DATE AND TIME OF LATEST TRANSACTION
control field 20151217152232.0
008 - FIXED-LENGTH DATA ELEMENTS--GENERAL INFORMATION
fixed length control field 120607s xx 000 0 eng d
040 ## - CATALOGING SOURCE
Original cataloging agency KABU
Transcribing agency KABU
245 10 - TITLE STATEMENT
Title Developing an information literacy programme for lifelong learning :
Remainder of title information literacy toolkits for African universities /
Statement of responsibility, etc. C. B. M. Lungu ... [et al.].
250 ## - EDITION STATEMENT
Edition statement 1st ed.
260 ## - PUBLICATION, DISTRIBUTION, ETC. (IMPRINT)
Place of publication, distribution, etc. Kitwe, Zambia :
Name of publisher, distributor, etc. Coperbelt University,
Date of publication, distribution, etc. 2012.
300 ## - PHYSICAL DESCRIPTION
Extent vii, 66 p.
650 #0 - SUBJECT ADDED ENTRY--TOPICAL TERM
Topical term or geographic name as entry element Information literacy.
-- 0000156687
700 1# - ADDED ENTRY--PERSONAL NAME
Personal name Lungu, C. B. M.
-- 0000182375
908 ## - PUT COMMAND PARAMETER (RLIN)
Put command parameter 120607
950 ## - LOCAL HOLDINGS (RLIN)
-- 1
Holdings
Withdrawn status Lost status Source of classification or shelving scheme Not for loan Home library Current library Date acquired Total Checkouts Full call number Barcode Date last seen Price effective from Koha item type
    Library of Congress Classification   Kabarak, Main Campus Kabarak, Main Campus 17/12/2015   ZA3075 .D48 2012 c. 1 013110 17/12/2015 17/12/2015 General Collection
Designed with assistance from East African Informatics Ltd